| 000 | 00950nam a2200289 i 4500 | ||
|---|---|---|---|
| 001 | 149047 | ||
| 003 | ES-MaACL | ||
| 005 | 20250924165202.0 | ||
| 007 | t| | ||
| 008 | 070214s1981 mx r ||||1| spa d | ||
| 020 | _a84-375-0001-X | ||
| 080 | _a294.321 | ||
| 080 | _a159.964.2 | ||
| 100 | 1 |
_aSuzuki, Daisetz Teitaro. _9108894 |
|
| 245 | 1 | 0 |
_aBudismo zen y psicoanálisis / _cD.T. Suzuki y Erich Fromm ; [traducción al español, Julieta Campos]. |
| 250 | _a1ª ed., reimp. | ||
| 260 |
_aMéxico : _bFondo de Cultura Económica, _c1981. |
||
| 300 |
_a152 p. ; _c21 cm. |
||
| 490 | 1 | _aBiblioteca de psicología y psicoanálisis | |
| 650 | 4 |
_aBudismo Zen. _910639 |
|
| 650 | 4 |
_aPsicoanálisis. _916530 |
|
| 700 | 1 |
_aFromm, Erich, _d1900-1980 _952729 |
|
| 700 | 1 |
_aCampos, Julieta, _d1932-2007 _9234944 |
|
| 830 | 1 |
_aBiblioteca de psicología y psicoanálisis _9179941 |
|
| 852 | 4 |
_aES-MaACL _jL-9851 |
|
| 999 |
_c149047 _d149047 |
||